[Event "IRQ-ch"]
[Site "Baghdad"]
[Date "2022.08.24"]
[Round "1"]
[White "Sabah, Hadi"]
[Black "Badry, Abdul Jabbar"]
[Result "0-1"]
[WhiteElo "1329"]
[BlackElo "1871"]
[PlyCount "42"]
[EventDate "2022.08.24"]
[EventType "swiss"]
[EventRounds "9"]
[EventCountry "IRQ"]
[SourceTitle "CBM 210 Extra"]
[Source "ChessBase"]
[SourceDate "2022.11.30"]
[SourceVersion "1"]
[SourceVersionDate "2022.11.30"]
[SourceQuality "1"]

1. e4 c6 2. Nf3 d5 3. exd5 cxd5 4. d4 Bg4 5. c3 Nc6 6. Bb5 a6 7. Be2 e6 8. h3 Bh5 9. 0-0 Bd6 10. a4 h6 11. b4 Nf6 12. Bb2 0-0 13. Nbd2 Rc8 14. b5 axb5 15. axb5 Na5 16. g4 Bg6 17. Rc1 Ne4 18. Ne5 Bxe5 19. dxe5 Qh4 20. Kh2 Ng5 21. Rh1 Qxf2# 0-1